000
00311nam a2200121Ia 4500
008
150201s2007 xx 000 0 und d
082
_a
618.1
_b
P07W
100
_a
WHO
245
_a
PREGNANCY,CHILDBIRTH,POSPARTUM AND NEWBORNE CARE
260
_b
AITBS
_a
DELHI
_c
2007
650
_a
OBST & GYNAECOLOGY
942
_2
ddc
_c
BK
999
_c
865
_d
865